Statistics for Frozen: Olaf Quotes

Click here to take the quiz!

General Stats

  • This quiz has been taken 743 times
    (621 since last reset)
  • The average score is 8 of 16

Answer Stats

Hint Answer % Correct
Hi, I'm Olaf and I like ____ _____.warm hugs
96%
Some people are worth _______ ________.melting for
85%
I can't feel my _____! I can't feel my _____!legs
74%
Oh, look. I've been ____________.impaled
70%
Let's go _______ Hans. Who is this Hans?kiss
65%
Do you think she knows how to __________?knock
64%
I don't have a ________. Or _________.Skull / bones
59%
Hey, we were just talking about you. All _______ ________good things
56%
Let's go _______ _______ summer!bring back
51%
So cute! It's like a _____ _____________.baby unicorn
47%
I like to consider myself a ______ __________.love expert
44%
Watch out for __ _____.my butt
38%
And who's the ______ _______ ________ over there?funky looking donkey
30%
Look Sven, the _______ ______.sky's awake
25%
Yeah, ______?why
24%
You __________.hesitated
6%

Score Distribution

Percentile by Number Answered

Percent of People with Each Score

Your Score History

You have not taken this quiz since the last reset